000 00486nam a2200157 i 4500
001 75105
003 ES-MaACL
005 20230906172335.0
007 t|
008 040922s1977 sp ||||1| spa d
100 1 _aGosálvez, Mario.
_959245
245 1 0 _aProgramas, métodos y conceptos de bioquímica y biofísica /
_cmemoria presentada por Mario Gosálvez.
260 _aMadrid :
_b[s.n.,
_c1977] (
_fImp. Ideal)
300 _a112 p. ;
_c24 cm.
852 _aES-MaACL
_jA-6674
_bR.95911
999 _c75105
_d75105